International financial reporting standards IFRS as issued at 1 january 2015

Saved in:
Bibliographic Details
Format: Book
Language:English
Published: London International Accounting Standards Board 2015
Subjects:
Tags: Add Tag
No Tags, Be the first to tag this record!

MARC

LEADER 00000nam a2200000 4500
001 0205379
005 20240311131234.3
020 |a 978-1-909704-71-8 
041 0 |a eng 
044 |a GB 
245 1 0 |a International financial reporting standards IFRS  |b as issued at 1 january 2015 
264 1 |a London  |b International Accounting Standards Board  |c 2015 
300 |a A1512 s. 
610 2 0 |a štandardy účtovné medzinárodné 
610 2 0 |a účtovníctvo medzinárodné 
610 2 0 |a IFRS 
610 2 0 |a 2015